<?xml version="1.0" encoding="UTF-8"?>
<record
    xmlns:xsi="http://www.w3.org/2001/XMLSchema-instance"
    xsi:schemaLocation="http://www.loc.gov/MARC21/slim http://www.loc.gov/standards/marcxml/schema/MARC21slim.xsd"
    xmlns="http://www.loc.gov/MARC21/slim">

  <leader>00407nam a22001337a 4500</leader>
  <controlfield tag="005">20250403160850.0</controlfield>
  <controlfield tag="008">250322b        |||||||| |||| 00| 0 eng d</controlfield>
  <datafield tag="022" ind1=" " ind2=" ">
    <subfield code="a">2348-7704</subfield>
  </datafield>
  <datafield tag="245" ind1=" " ind2=" ">
    <subfield code="a">JOURNAL OF HOSPITAL PHARMACY: The official publication of health education bureau</subfield>
  </datafield>
  <datafield tag="260" ind1=" " ind2=" ">
    <subfield code="a">RAJASTHAN</subfield>
    <subfield code="b">BUREAU FOR HEALTH &amp; EDUCATION STATUS UPLIFTMENT</subfield>
    <subfield code="c">2025</subfield>
  </datafield>
  <datafield tag="300" ind1=" " ind2=" ">
    <subfield code="a">39; P</subfield>
  </datafield>
  <datafield tag="650" ind1=" " ind2=" ">
    <subfield code="a">PHARMACY</subfield>
  </datafield>
  <datafield tag="942" ind1=" " ind2=" ">
    <subfield code="c">JRL</subfield>
  </datafield>
  <datafield tag="999" ind1=" " ind2=" ">
    <subfield code="c">8729</subfield>
    <subfield code="d">8727</subfield>
  </datafield>
  <datafield tag="952" ind1=" " ind2=" ">
    <subfield code="0">0</subfield>
    <subfield code="1">0</subfield>
    <subfield code="4">0</subfield>
    <subfield code="7">0</subfield>
    <subfield code="8">PHARMACY</subfield>
    <subfield code="a">JRU</subfield>
    <subfield code="b">JRU</subfield>
    <subfield code="c">JRL</subfield>
    <subfield code="d">2025-03-22</subfield>
    <subfield code="e">PURCHASE</subfield>
    <subfield code="h">VOL-20, ISSUE-1 [ JAN TO MARCH ] 2025</subfield>
    <subfield code="l">0</subfield>
    <subfield code="p">JOHP0001</subfield>
    <subfield code="r">2025-03-22 13:17:53</subfield>
    <subfield code="w">2025-03-22</subfield>
    <subfield code="y">JRL</subfield>
  </datafield>
  <datafield tag="952" ind1=" " ind2=" ">
    <subfield code="0">0</subfield>
    <subfield code="1">0</subfield>
    <subfield code="4">0</subfield>
    <subfield code="7">0</subfield>
    <subfield code="8">PHARMACY</subfield>
    <subfield code="a">JRU</subfield>
    <subfield code="b">JRU</subfield>
    <subfield code="c">JRL</subfield>
    <subfield code="d">2025-09-12</subfield>
    <subfield code="e">PURCHASE</subfield>
    <subfield code="h">VOL-20, NO-03 [JULY-SEP]2025</subfield>
    <subfield code="l">0</subfield>
    <subfield code="p">JOHP0003</subfield>
    <subfield code="r">2025-09-12 10:32:24</subfield>
    <subfield code="w">2025-09-12</subfield>
    <subfield code="y">JRL</subfield>
  </datafield>
  <datafield tag="952" ind1=" " ind2=" ">
    <subfield code="0">0</subfield>
    <subfield code="1">0</subfield>
    <subfield code="4">0</subfield>
    <subfield code="7">0</subfield>
    <subfield code="8">PHARMACY</subfield>
    <subfield code="a">JRU</subfield>
    <subfield code="b">JRU</subfield>
    <subfield code="c">JRL</subfield>
    <subfield code="d">2025-05-19</subfield>
    <subfield code="e">PURCHASE</subfield>
    <subfield code="h">[APR-JINE]2025</subfield>
    <subfield code="l">0</subfield>
    <subfield code="p">JOHP0002</subfield>
    <subfield code="r">2025-09-12 10:33:29</subfield>
    <subfield code="w">2025-05-19</subfield>
    <subfield code="y">JRL</subfield>
  </datafield>
  <datafield tag="952" ind1=" " ind2=" ">
    <subfield code="0">0</subfield>
    <subfield code="1">0</subfield>
    <subfield code="4">0</subfield>
    <subfield code="7">0</subfield>
    <subfield code="a">JRU</subfield>
    <subfield code="b">JRU</subfield>
    <subfield code="c">JRL</subfield>
    <subfield code="d">2025-12-04</subfield>
    <subfield code="e">PURCHASE</subfield>
    <subfield code="h">VOL-20, NO-04 [JOCT-DEC-2025]</subfield>
    <subfield code="l">0</subfield>
    <subfield code="p">JOHP0004</subfield>
    <subfield code="r">2025-12-05 06:26:51</subfield>
    <subfield code="w">2025-12-05</subfield>
    <subfield code="y">JRL</subfield>
  </datafield>
  <datafield tag="952" ind1=" " ind2=" ">
    <subfield code="0">0</subfield>
    <subfield code="1">0</subfield>
    <subfield code="4">0</subfield>
    <subfield code="7">0</subfield>
    <subfield code="8">PHARMACY</subfield>
    <subfield code="a">JRU</subfield>
    <subfield code="b">JRU</subfield>
    <subfield code="c">JRL</subfield>
    <subfield code="d">2026-03-13</subfield>
    <subfield code="e">PURCHASE</subfield>
    <subfield code="h">VOL-21, ISSUE-01 [JAN-MARCH 2026]</subfield>
    <subfield code="l">0</subfield>
    <subfield code="p">JOHP0005</subfield>
    <subfield code="r">2026-03-13 07:25:18</subfield>
    <subfield code="w">2026-03-13</subfield>
    <subfield code="y">JRL</subfield>
  </datafield>
</record>
